Instituciones de economía corporativa / (Registro nro. 4353)

Detalles MARC
000 -LEADER
fixed length control field 00891nam a2200217Ia 4500
003 - CONTROL NUMBER IDENTIFIER
control field OSt
005 - DATE AND TIME OF LATEST TRANSACTION
control field 20200630151354.0
008 - FIXED-LENGTH DATA ELEMENTS--GENERAL INFORMATION
fixed length control field 191128s1941 sp fr 000 0 spa d
040 ## - CATALOGING SOURCE
Original cataloging agency CO-JMCR
Transcribing agency CO-JMCR
041 0# - LANGUAGE CODE
Language code of text/sound track or separate title spa
082 04 - DEWEY DECIMAL CLASSIFICATION NUMBER
Classification number 335.6 /
Item number N166i
Edition number 23
100 1# - MAIN ENTRY--PERSONAL NAME
Personal name Napolitano, Gaetano,
Relator term autor
9 (RLIN) 6342
245 10 - TITLE STATEMENT
Title Instituciones de economía corporativa /
Statement of responsibility, etc. Gaetano Napolitano ; traducción de C. Massó.
260 ## - PUBLICATION, DISTRIBUTION, ETC.
Place of publication, distribution, etc. Barcelona :
Name of publisher, distributor, etc. Bosch,
Date of publication, distribution, etc. 1941
300 ## - PHYSICAL DESCRIPTION
Extent 380 páginas ;
Dimensions 25 cm.
504 ## - BIBLIOGRAPHY, ETC. NOTE
Bibliography, etc. note Bibliografía: páginas 367-383
505 0# - FORMATTED CONTENTS NOTE
Formatted contents note Reseña histórica de la economía clásica -- El hombre en el mundo natural -- El hombre en el mundo social -- Relación entre valor, producción y cambio -- Crisis de los sistemas económicos y principio corporativo -- Datos históricos
650 14 - SUBJECT ADDED ENTRY--TOPICAL TERM
Topical term or geographic name entry element Corporativismo
9 (RLIN) 6343
700 1# - ADDED ENTRY--PERSONAL NAME
Personal name Massó, C.,
Relator term traductor
9 (RLIN) 6344
942 ## - ADDED ENTRY ELEMENTS (KOHA)
Source of classification or shelving scheme Dewey Decimal Classification
Koha item type Books
Existencias
Withdrawn status Lost status Source of classification or shelving scheme Damaged status Not for loan Collection code Home library Current library Date acquired Source of acquisition Cost, normal purchase price Total Checkouts Full call number Barcode Date last seen Copy number Koha item type
    Dewey Decimal Classification     Non-fiction Biblioteca Pública José María del Castillo y Rada Biblioteca Pública José María del Castillo y Rada 04/15/2018 Donación 0.00   335.6 / N166i 201809198 05/16/2024 Ej.1 Books